000 00745nam a22002537a 4500
001 0011609
003 DO-SdBNP
005 20230828103627.0
007 0011609
008 161011b 2005 mx 00| 0 spa d
020 _a9707701544
040 _aBPMSU
_bspa
_cBPMSU
082 4 _a937.06
_bA211v 2005
_222
100 1 _aAdams, Simon
245 1 0 _aVida en la antigua Roma /
_cSimon Adams ; prólogo Lindsey Davis.
260 _aMéxico :
_bAltea,
_c2005.
300 _a63 p. :
_bil., ;
_c28 cm.
590 _6Inventariado, 2023/VM
651 4 _aRoma antigua
_xVida social y costumbres
651 4 _aRoma
_xHistoria
_xImperio, 30 a.C.-476 d.C.
700 1 _aDavis, Lindsay,
_epról.
910 _aVMateo V. Control de calidad. BPMSU
942 _2ddc
_cBK
999 _c11539
_d11539